[Event "ITA-ch U12"]
[Site "Cortina d'Ampezzo"]
[Date "2005.07.07"]
[Round "6"]
[White "Perrone, Davide"]
[Black "Bernardi, Luca"]
[Result "1-0"]
[WhiteElo "1491"]
[BlackElo "1407"]
[PlyCount "95"]
[EventDate "2005.07.03"]
[EventType "swiss"]
[EventRounds "9"]
[EventCountry "ITA"]
[SourceTitle "EXT 2024"]
[Source "ChessBase"]
[SourceDate "2023.10.10"]
[SourceVersion "1"]
[SourceVersionDate "2023.10.10"]
[SourceQuality "1"]

1. e4 e5 2. Nf3 Nc6 3. Bb5 d6 4. 0-0 Bd7 5. Re1 a6 6. Ba4 Nf6 7. d3 h6 8. d4 b5 9. Bb3 Bg4 10. c3 Qd7 11. d5 Nd8 12. Nbd2 Nb7 13. Nf1 Nc5 14. Bc2 c6 15. b4 Nb7 16. Ne3 c5 17. a4 Qc8 18. Nxg4 Nxg4 19. h3 Nf6 20. Bd2 Be7 21. axb5 axb5 22. Rxa8 Qxa8 23. Qa1 0-0 24. Qb2 Qa7 25. Ra1 Qb6 26. Rb1 Rb8 27. bxc5 Nxc5 28. c4 Nfxe4 29. Bxe4 Nxe4 30. Be3 Nc5 31. Bxc5 Qxc5 32. Qb4 Qc7 33. cxb5 Bd8 34. Nd2 f5 35. Nc4 Rb6 36. Nxb6 Qxb6 37. Rc1 Qb8 38. Rc6 Kh7 39. b6 Kg8 40. b7 Bc7 41. Rxc7 Qxc7 42. b8Q+ Qxb8 43. Qxb8+ Kf7 44. Qxd6 e4 45. Qe6+ Kf8 46. d6 g6 47. Qe7+ Kg8 48. d7 1-0